Welche Gruppen gehören zu Mollusca ? - Statistics

General Stats
  • This quiz has been taken 9 times
  • The average score is 4 of 7
Answer Stats
Hint Answer % Correct
4 Gastropoda (Schnecken)
100%
5 Bivalvia (Muscheln)
67%
6 Cephalopoda (Kopffüßer)
67%
7 Scaphopoda (Kahnfüßer)
67%
1 Aplacophora (Wurmmolluscen)
33%
3 Monoplacophora (Einschaler)
33%
2 Polyplacophora (Käferschnecken)
33%
No matching quizzes found
Score Distribution
Percent of People with Each Score
Percentile by Number Answered
Your Score History
You have not taken this quiz